|
|
|
|
| LEADER |
00000cab a2200000 a 4500 |
| 001 |
029095 |
| 003 |
UAHC_CL |
| 005 |
20170803123028.0 |
| 008 |
050528b xx j 000 1 spa |
| 040 |
|
|
|a UAHC_CL
|c UAHC_CL
|d UAHC_CL
|
| 100 |
1 |
|
|a Arrau, Patricio
|
| 245 |
1 |
3 |
|a Un modelo macroeconómico intertemporal de dinero y consumo para Chile (1976-81) /
|c Patricio Arrau.
|
| 500 |
|
|
|a Colección Estudios Cieplan, no. 28 Junio de 1990, pp. 57- 71
|
| 500 |
|
|
|a Colección Estudios Cieplan, no. 28 Junio de 1990, pp. 57- 71
|
| 900 |
|
|
|a COLECC. ESTUD. CIEPLAN-28/90
|
| 942 |
|
|
|c REVA
|
| 952 |
|
|
|0 0
|1 0
|4 0
|6 COLECC___ESTUD__CIEPLAN28_90_000000000000000
|7 0
|8 General
|9 57210
|a BC
|b BC
|c General
|d 2017-08-03
|l 0
|o COLECC. ESTUD. CIEPLAN-28/90
|p FICTICIO1785
|r 2019-01-08 00:00:00
|t 1
|w 2017-08-03
|y REVA
|
| 999 |
|
|
|c 29095
|d 29095
|